| 000 | 00412cam2a220016900 4500 | ||
|---|---|---|---|
| 001 | tmp15869530 | ||
| 003 | UPRA | ||
| 005 | 20190809113248.0 | ||
| 008 | 951108d19900702xx eng u | ||
| 035 | _a(Sirsi) r36973 | ||
| 035 | _a(UPRA)tmp15869530 | ||
| 040 | _cUPRA | ||
| 245 | 0 | 0 | _aDermatology. |
| 260 | _c2-6 July 1990. | ||
| 949 |
_aSF901 _wLC _i33729001444582 _mVETMED _p5000 _tBOOK _lON-SHELF |
||
| 004 | 36973 | ||
| 999 |
_c1327 _d1327 |
||